| Поле | Инд. | ПП | Название | Значение |
|---|---|---|---|---|
| Тип записи | a | |||
| Библиографический уровень | m | |||
| 001 | Контрольный номер | RU/IS/BASE/414577358 | ||
| 005 | Дата корректировки | 20150513113553.3 | ||
| 020 | a | ISBN | 978-5-4344-0028-2 | |
| 040 | a | Служба первич. каталог. | НБ ТвГУ | |
| b | Код языка каталог. | rus | ||
| e | Правила каталог. | PSBO | ||
| 041 | 0_ | a | Код языка текста | rus |
| 080 | a | Индекс УДК | 517.938 | |
| 084 | a | Индекс другой классификации/Индекс ББК | В161.61 | |
| 090 | a | Полочн. индекс | В161.6 | |
| x | Авторский знак | М 74 | ||
| 100 | 1_ | a | Автор | Мозер Юрген |
| q | Полное имя | Мозер Ю. | ||
| 245 | 00 | a | Заглавие | Заметки о динамических системах |
| c | Ответственность | пер. с англ. Ю. В. Колесниченко ; под ред. А. В. Борисова | ||
| 260 | a | Место издания | Москва | |
| b | Издательство | Институт компьютерных исследований | ||
| 260 | a | Место издания | Ижевск | |
| b | Издательство | R & C Dinamics | ||
| b | Издательство | Ижевский институт компьютерных исследований | ||
| c | Дата издания | 2011 | ||
| 300 | a | Объем | 345 с. | |
| b | Иллюстрации/ тип воспроизводства | ил. | ||
| 440 | _0 | a | Серия | Интернет-магазин MATHESIS. Физика, математика, биология, нефтегазовые технологии |
| 440 | _0 | a | Серия | Библиотека журнала "Регулярная и хаотическая динамика" / редкол.: А.В. Борисов [и др.] |
| 500 | a | Примечание | Загл. и авт. ориг.: Notes on dinamical systems / Jurgen Moser, Eduard J. Zehnder | |
| 504 | a | Библиография | Библиогр.: с. 342-345 (47 назв.) | |
| 520 | a | Аннотация | Книга известных ученых Юргена Мозера и Эдуарда Цендера представляет собой введение в теорию динамических систем , в частности, в особый класс гамильтоновых систем. Излагая теоретические основы, авторы стремились использовать простейшие математические методы, а также множество примеров и иллюстраций из физики и небесной механики. Именно задача N тел является основной в теории динамических систем и в прошлом послужила толчком ко многим открытиям в области математики. Данная книга незаменима для математиков, физиков и астрономов, интересующихся динамикой систем нескольких и многих тел, а также фундаментальными понятиями и методами анализа в данной области. | |
| 653 | a | Ключевые слова | Гамильтонов формализм | |
| a | Ключевые слова | Гамильтоновы системы | ||
| a | Ключевые слова | Динамические системы | ||
| a | Ключевые слова | Задача N тел | ||
| a | Ключевые слова | Интегрируемые гамильтоновы системы | ||
| a | Ключевые слова | Интегрируемые системы | ||
| a | Ключевые слова | Небесная механика | ||
| a | Ключевые слова | Периодические орбиты | ||
| a | Ключевые слова | Преобразования систем | ||
| a | Ключевые слова | Теорема о неподвижной точке | ||
| a | Ключевые слова | Теория динамических систем | ||
| a | Ключевые слова | Теория преобразований | ||
| 700 | a | Другие авторы | Цендер, Эдуард | |
| q | Полное имя | Эдуард Цендер | ||
| 901 | t | Тип документа | m | |
| 920 | a | Оператор | Густ | |
| 952 | c | Вид литературы | К рн | |
| 954 | a | Дата поступления на обработку | 20130417 |